000 00730nam a2200205Ia 4500
001 8588
003 GE_BSU
008 181216s||||||||xx |||||||||||||| ||und||
040 _cGE_BSU
080 _a821.353.1-32
100 _aთორდუა, ვლადიმერ
245 _aაღსარება, ნოველები, მოთხრობა.
245 _cრედ.: დ. ციგროშვილი; მხატვ.: დ. დუნდუა
260 _aთბილისი.
260 _bსაბჭ. საქართველო
260 _c1971
300 _a265 გვ; 16 სმ
653 _aაღსარება, ნოველები, მოთხრობა.
942 _cBK
999 _c41904
_d41904